Precontractual liability in European Private Law
Gespeichert in:
| Hauptverfasser: | , |
|---|---|
| Format: | Buch |
| Sprache: | Spanisch |
| Veröffentlicht: |
Cambridge
Cambridge University Press
2010
|
| Ausgabe: | 1a. ed |
| Schriftenreihe: | The Common Core of European Private Law
|
| Schlagworte: | |
| Tags: |
Tag hinzufügen
Keine Tags, Fügen Sie den ersten Tag hinzu!
|
MARC
| LEADER | 00000cam a2200000 a 4500 | ||
|---|---|---|---|
| 001 | UCF9287 | ||
| 003 | CL-VaPUC | ||
| 008 | 131111e20100000uk |||||||||||||||||spa|d | ||
| 020 | |a 9780521183949 | ||
| 082 | 0 | 4 | |a 346.02 |b CAR |2 21 |
| 100 | 0 | |a Cartwright, John |e author |9 571578 | |
| 700 | 0 | |a Hesselink, Martijn |e author |9 571579 | |
| 245 | 1 | 0 | |a Precontractual liability in European Private Law |
| 250 | |a 1a. ed | ||
| 300 | |a 509 p | ||
| 942 | |c BK | ||
| 945 | |d 20131111 15:03:00 |a dcastane | ||
| 260 | |a Cambridge |b Cambridge University Press |c 2010 | ||
| 650 | 0 | |a Derecho privado |9 258243 | |
| 650 | 0 | |a Contratos |9 255153 | |
| 650 | 7 | |a CONFIANZA |2 CL-VaPUC |9 535957 | |
| 583 | |a last modification |c 20131111 15:03:00 |k Rodrigo Vera | ||
| 490 | 0 | |a The Common Core of European Private Law | |
| 999 | |c 353760 |d 353758 | ||
| 952 | |0 0 |1 0 |3 erb |4 0 |6 346_020000000000000_CAR_2010 |7 0 |8 A |9 459139 |a BIBDER |b BIBDER |d 2019-11-23 |i 5025923 |l 1 |m 6 |o 346.02 CAR 2010 |p 5025923 |q 2025-12-31 |r 2020-02-27 |s 2020-02-27 |w 2019-11-23 |y BK |z Catalogado en:20131111 |k DER | ||